000 00667nam a2200289Ia 4500
005 20260324123657.0
008 008 260324s9999 xx 000 0 eng d
020 _a9781003446989
037 _aEBOOK
040 _aCRL
040 _beng
040 _cCRL
041 _2eng
041 _aeng
084 _qCRL
100 _aWill Barratt
_91171228
245 0 _aSocial Class on Campus
245 0 _bTheories and Manifestations
260 _bTaylor and Francis
260 _c2011
365 _a
365 _b230
856 _uhttp://www.taylorfrancis.com/books/9781003446989
942 _cEBOOK
999 _c1764955
_d1764955